| 000 | 01351cam a22003974a 4500 | ||
|---|---|---|---|
| 001 | 16302018 | ||
| 003 | OSt | ||
| 005 | 20110721103533.0 | ||
| 008 | 100625s2007 enk 001 0 eng | ||
| 010 | _a 2010474258 | ||
| 015 |
_aGBA665115 _2bnb |
||
| 016 | 7 |
_a013517664 _2Uk |
|
| 020 | _a9781405712408 (hbk.) | ||
| 020 | _a1405712406 (hbk.) | ||
| 035 | _a(OCoLC)ocm70765421 | ||
| 040 |
_aUk _cUk _dBTCTA _dBWKUK _dYDXCP _dBWK _dDLC |
||
| 042 |
_aukscp _alccopycat |
||
| 043 | _ae-uk-en | ||
| 050 | 0 | 0 |
_aKD1949 _b.L39 2007 |
| 082 | 0 | 4 |
_a346.03 LAW _222 |
| 245 | 0 | 4 |
_aThe law of tort / _cgeneral editor, Andrew Grubb ; contributors, Speci... [et al.]. |
| 250 | _a2nd ed. | ||
| 260 |
_a[London] : _bLexisNexis Butterworths, _c2002. |
||
| 300 |
_accxxvii, 1734 p. ; _c26 cm. |
||
| 440 | 0 |
_aButterworths common law series _91151 |
|
| 500 | _aPrevious ed.: London: Butterworths, 2002. | ||
| 500 | _aIncludes index. | ||
| 650 | 0 |
_aTorts _zEngland. _91152 |
|
| 650 | 0 |
_aDamages _zEngland. _91153 |
|
| 700 | 1 |
_aOliphant, Ken. _91154 |
|
| 700 | 1 |
_aBagshaw, Roderick. _91155 |
|
| 906 |
_a7 _bcbc _ccopycat _d2 _encip _f20 _gy-gencatlg |
||
| 942 |
_2ddc _cBK |
||
| 999 |
_c397 _d397 |
||